Tattoo my Body with ... Literature Quiz Stats

Quiz Updated Oct 29, 2013

Also try: Tattoos in Movies
Challenge
Share
Tweet
Score 0/24 Timer 06:00
25 Plays Today
% Correct
Peter Pan
89.5%
Harry Potter and ...
89.4%
Where the Wild Things Are
87.1%
Alice's Adventures in Wonderland
86.4%
The Catcher in the Rye
75.4%
Moby Dick
74.1%
The House at Pooh Corner
71.9%
The Lorax
68.7%
Pride and Prejudice
68.4%
The Hobbit
66.7%
Lord of the Flies
65.9%
The Very Hungry Caterpillar
61.5%
% Correct
Where the Sidewalk Ends
51.4%
Hamlet
47.7%
Matilda
45.3%
His Dark Materials
34.8%
The Hitchhiker's Guide to the Galaxy
32.4%
Little Red Riding Hood
22.4%
Slaughterhouse-Five
19.7%
The Little Prince
16.8%
Ender's Game
12.4%
On the Road
6.4%
The Great Gatsby
6.3%
A Series of Unfortunate Events
5.9%

You're not logged in!

Compare scores with friends on all Sporcle quizzes.
Sign Up with Email
OR
Log In

You Might Also Like...

Show Comments

Extras

Top Quizzes Today


Score Distribution

Your Account Isn't Verified!

In order to create a playlist on Sporcle, you need to verify the email address you used during registration. Go to your Sporcle Settings to finish the process.